Szczegóły MARC21

Histologia Junqueira : podręcznik i atlas /

003 -Nazwa inst., której nr kontr. jest w polu 001 [,]
    • @
    • Nazwa instytucji, której n kontrolny jest w polu 001
    • NUKAT
005 -DATA I CZAS OSTATNIEJ MODYFIKACJI [,]
    • @
    • pole kontrolne
    • 20250721142802.0
020 -Międzynarod. znormalizowany nr książki - ISBN [ , ]
    • a
    • Numer ISBN
    • 9781260026177 Find
    • q
    • Dopowiedzenie
    • (oprawa miękka)
020 -Międzynarod. znormalizowany nr książki - ISBN [ , ]
    • a
    • Numer ISBN
    • 9788366548206 Find
040 -Instytucja sporządzająca opis [ , ]
    • a
    • Instytucja, która sporządziła opis (NP)
    • OLSZT 003/JG
    • b
    • Język katalogowania
    • pol
    • e
    • Zasady katalogowania
    • rda
    • c
    • Instytucja, która sporządziła rekord (NP)
    • OLSZT 003/JGs
    • d
    • Instytucja, która zmodyfikowała rekord (P)
    • OLSZT 003/DS
    • d
    • Instytucja, która zmodyfikowała rekord (P)
    • BYDG 020/AMs
    • d
    • Instytucja, która zmodyfikowała rekord (P)
    • GD 27/BR
    • d
    • Instytucja, która zmodyfikowała rekord (P)
    • WA 392/MD
    • d
    • Instytucja, która zmodyfikowała rekord (P)
    • KAT 046/AGU
    • d
    • Instytucja, która zmodyfikowała rekord (P)
    • KAT 046/AGU
    • d
    • Instytucja, która zmodyfikowała rekord (P)
    • KIEL 010/AB
041 -Język dokumentu [1, ]
    • a
    • Język tekstu (P)
    • polski
    • h
    • Język tekstu oryginalnego i/lub pośredniego (P)
    • angielski
942 -Rodzaj dokumentu [ , ]
    • c
    • Rodzaj dokumentu
    • Książka
245 -Strefa tytułu i oznaczenia odpowiedzialności [0,0]
    • a
    • Tytuł
    • Histologia Junqueira : Find
    • b
    • Ciąg dalszy tytułu (NP)
    • podręcznik i atlas / Find
    • c
    • Pozostałe elementy strefy tytułu i oznaczenia odpowiedzialności (NP)
    • Anthony L. Mescher ; tłumaczenie z języka angielskiego: Katarzyna Bogus [i 18 pozostałych].
246 -Wariant tytułu [1, ]
    • i
    • Tekst wyświetlany na ekranie monitora (NP)
    • Tytuł oryginału:
    • a
    • Tytuł (NP)
    • Junqueira's basic histology :
    • b
    • Ciąg dalszy tytułu (NP)
    • text and atlas
246 -Wariant tytułu [1,3]
    • a
    • Tytuł (NP)
    • Junqueira histologia
250 -Strefa wydania [ , ]
    • a
    • Oznaczenie wydania (NP)
    • Wydanie I polskie /
    • b
    • Ciąg dalszy strefy wydania (NP)
    • redakcja Zbigniew Kmieć, Ryszard Wiaderkiewicz.
260 -Strefa adresu wydawniczego [ , ]
    • a
    • Miejsce wydania (P)
    • Wrocław :
    • b
    • Nazwa wydawcy (P)
    • Edra Urban & Partner,
    • c
    • Data wydania (P)
    • © copyright 2020.
300 -Strefa opisu fizycznego [ , ]
    • a
    • Określenie formy książki i/lub objętość (NP)
    • XI, [7], 587 stron :
    • b
    • Oznaczenie ilustracji (NP)
    • ilustracje kolorowe ;
    • c
    • Format (NP)
    • 27 cm.
336 -Typ zawartości [ , ]
    • a
    • Termin opisujący typ zawartości
    • Tekst
    • b
    • Kod określający zawartość
    • txt
    • 2
    • Źródło (terminu i kodu)
    • rdacontent
337 -Typ mediów [ , ]
    • a
    • Tryb odtwarzania
    • Bez urządzenia pośredniczącego
    • b
    • Kod typu mediów
    • n
    • 2
    • Źródło (terminu i kodu)
    • rdamedia
338 -Typ/rodzaj nośnika [ , ]
    • a
    • Hasło opisujące typ nośnika
    • Wolumin
    • b
    • Kod typu nośnika
    • nc
    • 2
    • Źródło (terminu i kodu)
    • rdacarrier
500 -Uwaga ogólna [ , ]
    • a
    • Uwaga ogólna (NP)
    • Na stronie tytułowej "Wydanie XV" dotyczy oryginału.
500 -Uwaga ogólna [ , ]
    • a
    • Uwaga ogólna (NP)
    • Na stronie redakcyjnej tytuł oryginału: Junqueira's basic histology: text and atlas.
500 -Uwaga ogólna [ , ]
    • a
    • Uwaga ogólna (NP)
    • Nazwa tłumacza ze strony redakcyjnej.
504 -Uwaga dot. bibliogr. załącznikowej [ , ]
    • a
    • Uwaga dot. bibliografii załącznikowej
    • Indeks.
650 -Hasło przedmiotowe [ ,7]
    • a
    • Hasło przedmiotowe
    • Histologia
    • v
    • Określnik formalny
    • podręczniki.
    • 2
    • Źródło terminu
    • kaba
    • 9
    • KHW
    • 360083
650 -Hasło przedmiotowe [ ,7]
    • a
    • Hasło przedmiotowe
    • Histologia
    • 2
    • Źródło terminu
    • DBN
    • 9
    • KHW
    • 728082
650 -Hasło przedmiotowe [ ,7]
    • a
    • Hasło przedmiotowe
    • Medycyna
    • v
    • Określnik formalny
    • podręczniki akademickie.
    • 2
    • Źródło terminu
    • kaba
    • 9
    • KHW
    • 579170
650 -Hasło przedmiotowe [ ,7]
    • a
    • Hasło przedmiotowe
    • Medycyna
    • 2
    • Źródło terminu
    • DBN
    • 9
    • KHW
    • 722922
650 -Hasło przedmiotowe [ ,7]
    • a
    • Hasło przedmiotowe
    • Kości
    • x
    • Określnik rzeczowy
    • anatomia
    • v
    • Określnik formalny
    • podręczniki.
    • 2
    • Źródło terminu
    • kaba
    • 9
    • KHW
    • 658899
650 -Hasło przedmiotowe [ ,7]
    • a
    • Hasło przedmiotowe
    • Kości
    • 2
    • Źródło terminu
    • DBN
    • 9
    • KHW
    • 728083
650 -Hasło przedmiotowe [ ,7]
    • a
    • Hasło przedmiotowe
    • Tkanki (histologia).
    • 2
    • Źródło terminu
    • kaba
    • 9
    • KHW
    • 133528
650 -Hasło przedmiotowe [ ,7]
    • a
    • Hasło przedmiotowe
    • Narządy
    • v
    • Określnik formalny
    • atlasy.
    • 2
    • Źródło terminu
    • kaba
    • 9
    • KHW
    • 658901
650 -Hasło przedmiotowe [ ,7]
    • a
    • Hasło przedmiotowe
    • Tkanki (histologia)
    • x
    • Określnik rzeczowy
    • fizjopatologia.
    • 2
    • Źródło terminu
    • kaba
    • 9
    • KHW
    • 658900
650 -Hasło przedmiotowe [ ,7]
    • a
    • Hasło przedmiotowe
    • Anatomia człowieka.
    • 2
    • Źródło terminu
    • kaba
    • 9
    • KHW
    • 101320
650 -Hasło przedmiotowe [ ,7]
    • a
    • Hasło przedmiotowe
    • Hematopoeza
    • v
    • Określnik formalny
    • podręczniki.
    • 2
    • Źródło terminu
    • kaba
    • 9
    • KHW
    • 658898
658 -Ujęcie treści [ , ]
    • a
    • dziedzina nauki i sztuki/ sfera aktywności życiowej
    • Medycyna i zdrowie
700 -Hasło dodatkowe - nazwa osobowa [1, ]
    • a
    • Nazwa osobowa (NP)
    • Kmieć, Zbigniew. Find
    • e
    • Określenie rodzaju współpracy
    • Redakcja
    • 9
    • KHW
    • 438011
700 -Hasło dodatkowe - nazwa osobowa [1, ]
    • a
    • Nazwa osobowa (NP)
    • Wiaderkiewicz, Ryszard. Find
    • e
    • Określenie rodzaju współpracy
    • Redakcja
    • 9
    • KHW
    • 658738
700 -Hasło dodatkowe - nazwa osobowa [1, ]
    • a
    • Nazwa osobowa (NP)
    • Bogus, Katarzyna. Find
    • e
    • Określenie rodzaju współpracy
    • Tłumaczenie
    • 9
    • KHW
    • 658740
700 -Hasło dodatkowe - nazwa osobowa [1, ]
    • a
    • Nazwa osobowa (NP)
    • Junqueira, Luiz Carlos Uchôa Find
    • d
    • Daty biograficzne (NP)
    • (1920-2006).
    • t
    • Tytuł ujednolicony/tytuł (NP)
    • Histologia básica Find
    • 9
    • KHW
    • 658741
700 -Hasło dodatkowe - nazwa osobowa [1, ]
    • a
    • Nazwa osobowa (NP)
    • Mescher, Anthony L. Find
    • e
    • Określenie rodzaju współpracy
    • Redakcja
    • 9
    • KHW
    • 658739
710 -Hasło dodatkowe - nazwa ciała zbiorowego [2, ]
    • a
    • Nazwa ciała zbiorowego lub nazwa geograficzna jako pierwszy element (NP)
    • Edra Urban & Partner.
    • e
    • Rodzaj współpracy
    • Wydawca
    • 4
    • Kod relacji
    • pbl
    • 9
    • KHW
    • 87130
856 -Dostęp do wersji elektronicznej [4,8]
    • 3
    • Wyszczególnienie materiału
    • Okładka
856 -Dostęp do wersji elektronicznej [4,1]
    • 3
    • Wyszczególnienie materiału
    • Spis treści
920 -ISBN [ , ]
    • a
    • ISBN
    • 978-83-66548-20-6 (oprawa miękka) Find
920 -ISBN [ , ]
    • a
    • ISBN
    • 978-1-260-02617-7 Find
Sygnatura Lokalizacja Data inwentaryzacji Status udost. Numer inwentarzowy
Anatomia - podręczniki 21BM2022-12-051WF.11006